=LDR 00000nam 2200000 4500 =001 000266 =005 20250710123341 =035 ##$$a 0010-0725000101 =245 1#$$a Ketika Sayuran Pergi ke Sekolah /$c Vekatramana Gowda =100 #$$a Vekatramana Gowda =250 ##$$a Cetakan Pertama =300 ##$$a 20 hlm. : $b Ilus. ; $c 29,7 cm. =856 ##$$a TBM AS SUHADA =260 ##$$a Rawamangun :$b Badan Pengembangan dan Pembinaan Bahasa,$c 2022 =082 ##$$a 398.209 598 =084 ##$$a 398.209 598 GOW k =020 ##$$a 978-623-307-384-4 =650 #4$$a Cerita Anak Indonesia - Terjemahan =650 #4$$a Literasi - Bahan bacaan